Music Quiz

Random Music or Song Quiz

A-List Musicians Quiz Stats

 Plays Quiz Updated Feb 4, 2019

     
Support Sporcle.
Go Orange.
Score 0/40 Timer 10:00
3 Plays Today
Song Artist % Correct
Highway To HellAC⚡️DC
74%
Take On Mea-ha
58.9%
Black Magic WomanSantana
58.9%
Knowing Me, Knowing YouABBA
50.9%
Dust In The WindKansas
48.4%
Low RiderWar
46.3%
ParanoidBlack Sabbath
42.9%
Everytime We TouchCascada
26.7%
Round And RoundRatt
26.3%
Goody Two ShoesAdam Ant
24.3%
Black BettyRam Jam
24.3%
What Hurts The MostRascal Flatts
19.9%
The WayFastball
19.6%
Knock Three TimesDawn
19.5%
Constant Cravingk.d. Lang
19%
Building A MysterySarah McLachlan
15.7%
Valley GirlFrank Zappa
15.2%
I Heard A RumourBananarama
15.2%
She's So HighTal Bachman
14.9%
I Feel For YouChaka Khan
14.1%
Song Artist % Correct
Hip Hop Is DeadNas
13.5%
Wavin' FlagK'naan
12.6%
Rhythm Is A DancerSnap!
12.4%
When Smokey SingsABC
11.2%
Everything She WantsWham!
11.1%
The WarriorScandal
10.7%
Set Adrift On Memory BlissPM Dawn
10.6%
Dream A Little Dream Of MeMama Cass
10.1%
Love In The First DegreeAlabama
8.9%
ConvoyC.W. McCall
8.6%
Mr. LovermanShabba Ranks
7.1%
Jai HoA.R. Rahman
6.9%
This Town Ain't Big Enough for the Both of UsSparks
5.8%
I Can Dream About YouDan Hartman
5.5%
Back HereBBMak
5.3%
Your Ex-Lover Is DeadStars
4.7%
EmotionSamantha Sang
3.7%
FunkdafiedDa Brat
3.5%
Life's What You Make ItTalk Talk
3.2%
The Second Time AroundShalamar
2.3%

From the Vault

Two Word 'A' Movies Match Up

by ddd62291

Movies 4m
Did you mean like "a movie" or the movie was somehow graded and got an A?
Remove Ads.
Support Sporcle.
Get the best of Sporcle when you Go Orange. This ad-free experience offers more features, more stats, and more fun while also helping to support Sporcle. Thank you for becoming a member.

Show Comments

Extras

Top Quizzes Today


Score Distribution

Your Account Isn't Verified!

In order to create a playlist on Sporcle, you need to verify the email address you used during registration. Go to your Sporcle Settings to finish the process.

Report this User

Report this user for behavior that violates our Community Guidelines.

Details: